<?xml version="1.0" encoding="UTF-8"?>
<collection xmlns="http://www.loc.gov/MARC21/slim">
<record>
  <controlfield tag="001">129626</controlfield>
  <controlfield tag="005">20240731103309.0</controlfield>
  <datafield tag="024" ind1="7" ind2=" ">
    <subfield code="2">doi</subfield>
    <subfield code="a">10.5209/rgid.93013</subfield>
  </datafield>
  <datafield tag="024" ind1="8" ind2=" ">
    <subfield code="2">sideral</subfield>
    <subfield code="a">135867</subfield>
  </datafield>
  <datafield tag="037" ind1=" " ind2=" ">
    <subfield code="a">ART-2023-135867</subfield>
  </datafield>
  <datafield tag="041" ind1=" " ind2=" ">
    <subfield code="a">spa</subfield>
  </datafield>
  <datafield tag="100" ind1=" " ind2=" ">
    <subfield code="a">Agustín-Lacruz, María Carmen</subfield>
    <subfield code="u">Universidad de Zaragoza</subfield>
    <subfield code="0">(orcid)0000-0003-2577-1998</subfield>
  </datafield>
  <datafield tag="245" ind1=" " ind2=" ">
    <subfield code="a">Las fotógrafas de la familia Broquier, con luz propia</subfield>
  </datafield>
  <datafield tag="260" ind1=" " ind2=" ">
    <subfield code="c">2023</subfield>
  </datafield>
  <datafield tag="506" ind1="0" ind2=" ">
    <subfield code="a">Access copy available to the general public</subfield>
    <subfield code="f">Unrestricted</subfield>
  </datafield>
  <datafield tag="520" ind1="3" ind2=" ">
    <subfield code="a">Pablo Broquier fue un fotógrafo de origen francés que estuvo al frente de prestigiosos gabinetes en Bilbao y en Irún y fundó empresas de placas fotográficas en Amorebieta (Vizcaya) y Madrid, desde la última década del siglo XIX hasta finales de los años veinte. Tras su muerte en 1931, las mujeres de su familia hicieron de la fotografía su actividad profesional y su medio de vida. Abrieron un estudio fotográfico en Arnedo (La Rioja), entre 1927 y 1930 y después se establecieron en Tarazona (Zaragoza), desde 1931 hasta 1957. Trabajaron durante casi tres décadas bajo el nombre comercial de Fotografía Colón. Hermanos Broquier y Foto Colón, realizando fotografía de estudio, exterior y ambulancia y cultivando los retratos, reportajes gráficos en festividades, celebraciones y eventos y colaboraciones gráficas con periódicos de la época. Este artículo estudia la trayectoria profesional y la obra gráfica de las fotógrafas Paula Broquier Cottafava y sus hijas Elena, Eugenia e Inés Broquier Gautier y su contribución al desarrollo del medio fotográfico en la España de la primera mitad del siglo XX. Para llevarlo a cabo se han estudiado fuentes orales, bibliográficas, archivísticas y hemerográficas que han proporcionado datos inéditos de interés y también se ha inventariado y analizado la obra fotográfica disponible. Las fotografías realizadas por las Broquier proporcionan un valioso registro gráfico de las personas y sus formas de vida durante la II República, la Guerra Civil y la dictadura franquista y ofrecen un friso completo de la historia visual de esta época.</subfield>
  </datafield>
  <datafield tag="540" ind1=" " ind2=" ">
    <subfield code="9">info:eu-repo/semantics/openAccess</subfield>
    <subfield code="a">by</subfield>
    <subfield code="u">http://creativecommons.org/licenses/by/3.0/es/</subfield>
  </datafield>
  <datafield tag="592" ind1=" " ind2=" ">
    <subfield code="a">0.29</subfield>
    <subfield code="b">2023</subfield>
  </datafield>
  <datafield tag="593" ind1=" " ind2=" ">
    <subfield code="a">Library and Information Sciences</subfield>
    <subfield code="c">2023</subfield>
    <subfield code="d">Q2</subfield>
  </datafield>
  <datafield tag="594" ind1=" " ind2=" ">
    <subfield code="a">0.8</subfield>
    <subfield code="b">2023</subfield>
  </datafield>
  <datafield tag="655" ind1=" " ind2="4">
    <subfield code="a">info:eu-repo/semantics/article</subfield>
    <subfield code="v">info:eu-repo/semantics/publishedVersion</subfield>
  </datafield>
  <datafield tag="710" ind1="2" ind2=" ">
    <subfield code="1">3011</subfield>
    <subfield code="2">040</subfield>
    <subfield code="a">Universidad de Zaragoza</subfield>
    <subfield code="b">Dpto. Ciencias Doc. Hª Ciencia</subfield>
    <subfield code="c">Área Biblioteconomía y Docum.</subfield>
  </datafield>
  <datafield tag="773" ind1=" " ind2=" ">
    <subfield code="g">33, 2 (2023), 605-638</subfield>
    <subfield code="p">Rev. gen. inf. doc.</subfield>
    <subfield code="t">Revista general de información y documentación</subfield>
    <subfield code="x">1132-1873</subfield>
  </datafield>
  <datafield tag="856" ind1="4" ind2=" ">
    <subfield code="s">5598218</subfield>
    <subfield code="u">http://zaguan.unizar.es/record/129626/files/texto_completo.pdf</subfield>
    <subfield code="y">Versión publicada</subfield>
  </datafield>
  <datafield tag="856" ind1="4" ind2=" ">
    <subfield code="s">1903234</subfield>
    <subfield code="u">http://zaguan.unizar.es/record/129626/files/texto_completo.jpg?subformat=icon</subfield>
    <subfield code="x">icon</subfield>
    <subfield code="y">Versión publicada</subfield>
  </datafield>
  <datafield tag="909" ind1="C" ind2="O">
    <subfield code="o">oai:zaguan.unizar.es:129626</subfield>
    <subfield code="p">articulos</subfield>
    <subfield code="p">driver</subfield>
  </datafield>
  <datafield tag="951" ind1=" " ind2=" ">
    <subfield code="a">2024-07-31-09:38:47</subfield>
  </datafield>
  <datafield tag="980" ind1=" " ind2=" ">
    <subfield code="a">ARTICLE</subfield>
  </datafield>
</record>
</collection>